00710cam a2200217u 450000100060000000300080000600500170001400800390003103500190007004000330008904100080012208200180013024500920014826000720024030000340031250400200034665000240036665000230039065000250041370000540043832379BD-RjUL20211209051827.0140426m1920 enk 001 0 eng a(BD-RjUL)32468 aDLCcCarPdDLCdBD-RjULbeng aeng a296bBOO 192012aA book of Jewish thoughts /cSelected adn arranged by (the chief of RABBI) J. H. Hertz. aLondon ;aNew York :bH. Milford ;bOxford university press,c1920. axv [1], 367, [1] p. ;c20 cm. aIncludes index. 0aJewsxCivilization. 0aJewish literature. 0aQuotations, English.1 aHertz, Joseph H. [sel. and ar.]q(Joseph Herman),